| 000 | 01475nam a2200397 c 4500 | ||
|---|---|---|---|
| 001 | 46036 | ||
| 003 | ES-MaCES | ||
| 005 | 20150625101459.0 | ||
| 008 | 150624s2015 sp 000 ||spa d | ||
| 017 |
_aM 12932-2015 _bDL |
||
| 020 | _a9788430965595 | ||
| 040 |
_aES-MaCES _bspa _cES-MaCES |
||
| 245 | 0 | 0 |
_aTratado de prevención de riesgos laborales _b: teoría y práctica _cJosé Luis Monereo Pérez, Cristóbal Molina Navarrete (dirs.) ; Sofia Olarte Encabo, José Antonio Fernández Avilés (coords.) |
| 260 |
_aMadrid _bTecnos _c[2015] |
||
| 300 |
_a1251 p. _c24 cm |
||
| 504 | _aBibliografía | ||
| 541 | _cCompra | ||
| 650 | 4 |
_aseguridad en el trabajo _928348 |
|
| 650 | 4 |
_asalud en el trabajo _928347 |
|
| 650 | 4 |
_aorganización de la empresa _928193 |
|
| 650 | 4 |
_aservicio de medicina del trabajo _929358 |
|
| 650 | 4 |
_alegislación del trabajo _927166 |
|
| 650 | 4 |
_alegislación de seguridad social _929855 |
|
| 650 | 4 |
_aderecho del trabajo _927165 |
|
| 650 | 4 |
_aderecho de responsabilidad civil _929891 |
|
| 650 | 4 |
_aderecho penal _927159 |
|
| 650 | 4 |
_aEspaña _926964 |
|
| 650 | 4 |
_arégimen jurídico _929894 |
|
| 653 | 1 | 0 | _aDerecho del trabajo y Seguridad Social |
| 700 | 1 |
_918830 _aMonereo Pérez, José Luis _edir. |
|
| 700 | 1 |
_918784 _aMolina Navarrete, Cristóbal _edir. |
|
| 700 | 1 |
_919896 _aOlarte Encabo, Sofía _ecol. |
|
| 700 | 1 |
_911772 _aFernández Avilés, José Antonio _ecol. |
|
| 902 | _aLIB Libro | ||
| 942 |
_2CES _cBK _h6.0.1. |
||
| 999 |
_c46036 _d46036 |
||